[Event "Heusenstamm Sparkassen op U14 5th"]
[Site "Heusenstamm"]
[Date "2018.11.24"]
[Round "3"]
[White "Willand, Mattis"]
[Black "Bako, Evelin"]
[Result "1-0"]
[WhiteElo "1312"]
[BlackElo "1002"]
[PlyCount "83"]
[EventDate "2018.11.23"]
[EventType "swiss"]
[EventRounds "7"]
[EventCountry "GER"]
[SourceTitle "CBM 188 Extra"]
[Source "ChessBase"]
[SourceDate "2019.02.26"]
[SourceVersion "1"]
[SourceVersionDate "2019.02.26"]
[SourceQuality "1"]

1. c4 e5 2. Nc3 c6 3. g3 Nf6 4. Bg2 Bc5 5. e3 0-0 6. Nge2 d5 7. cxd5 cxd5 8. 0-0 d4 9. Ne4 Nxe4 10. Bxe4 f5 11. Qb3+ Kh8 12. Bxb7 Bxb7 13. Qxb7 Nd7 14. exd4 exd4 15. d3 Ne5 16. Nf4 Rb8 17. Qa6 Rf6 18. Qa4 Qc8 19. Qd1 g5 20. Ng2 g4 21. Bf4 Bd6 22. Rc1 Qb7 23. Nh4 Nf3+ 24. Nxf3 gxf3 25. Bxd6 Rxd6 26. Rc2 f4 27. b3 fxg3 28. fxg3 Rf8 29. Rcf2 Rdf6 30. Qe1 Rg8 31. Qe5 Qg7 32. Qxd4 Rg6 33. Qxg7+ R6xg7 34. Rxf3 h6 35. Rf7 Rxf7 36. Rxf7 a5 37. Ra7 h5 38. Rxa5 h4 39. Rh5+ Kg7 40. Rg5+ Kh7 41. Rxg8 Kxg8 42. gxh4 1-0

[Event "Heusenstamm Sparkassen op U14 4th"]
[Site "Heusenstamm"]
[Date "2017.11.26"]
[Round "4"]
[White "Richter, Tim"]
[Black "Willand, Mattis"]
[Result "0-1"]
[WhiteElo "1062"]
[BlackElo "1169"]
[PlyCount "120"]
[EventDate "2017.11.24"]
[EventType "swiss"]
[EventRounds "5"]
[EventCountry "GER"]
[SourceTitle "EXT 2019"]
[Source "ChessBase"]
[SourceDate "2018.10.10"]
[SourceVersion "1"]
[SourceVersionDate "2018.10.10"]
[SourceQuality "1"]

1. d4 d5 2. Bf4 Nf6 3. Nf3 Bf5 4. e3 Nc6 5. Bd3 Bg6 6. c3 e6 7. Qc2 Bd6 8. Bg3 0-0 9. Nbd2 Re8 10. a3 e5 11. Bxg6 fxg6 12. 0-0 exd4 13. Bxd6 Qxd6 14. exd4 Re2 15. Rfe1 Rae8 16. Ne5 Rxe1+ 17. Rxe1 Nxe5 18. dxe5 Rxe5 19. Nf3 Rxe1+ 20. Nxe1 Qe6 21. Nf3 g5 22. Qd2 g4 23. Nd4 Qe4 24. g3 h6 25. Qe2 Qxe2 26. Nxe2 Kf7 27. Nd4 c6 28. Kf1 Ne4 29. Ke2 Kf6 30. Nb3 Ke5 31. f3 gxf3+ 32. Kxf3 Kf5 33. Nd4+ Ke5 34. Ke3 Nc5 35. Nf3+ Kf5 36. Nd4+ Kg4 37. Kf2 Nd3+ 38. Kg2 Nxb2 39. Ne6 Nc4 40. a4 Nb2 41. h3+ Kf5 42. Nxg7+ Kg6 43. Ne6 Nxa4 44. Nf4+ Kf5 45. Ne2 Nc5 46. Nd4+ Ke4 47. g4 a5 48. h4 Kf4 49. Kh3 Ne4 50. g5 hxg5 51. h5 Nf6 52. h6 a4 53. h7 Nxh7 54. Kg2 Ke3 55. Nc2+ Kd3 56. Na3 Kxc3 57. Nb1+ Kb2 58. Nd2 a3 59. Kh2 a2 60. Nb3 Kxb3 0-1

[Event "Heusenstamm Sparkassen op U14 4th"]
[Site "Heusenstamm"]
[Date "2017.11.25"]
[Round "3"]
[White "Willand, Mattis"]
[Black "Scheerer, Amelie"]
[Result "1-0"]
[WhiteElo "1169"]
[BlackElo "957"]
[PlyCount "88"]
[EventDate "2017.11.24"]
[EventType "swiss"]
[EventRounds "5"]
[EventCountry "GER"]
[SourceTitle "EXT 2019"]
[Source "ChessBase"]
[SourceDate "2018.10.10"]
[SourceVersion "1"]
[SourceVersionDate "2018.10.10"]
[SourceQuality "1"]

1. e4 e5 2. Nf3 Nc6 3. Bc4 Bc5 4. Nc3 d6 5. h3 Be6 6. Bb3 Nf6 7. d3 h6 8. Be3 Bb6 9. Nd5 Bxd5 10. exd5 Nd4 11. Nxd4 exd4 12. Bf4 0-0 13. 0-0 Re8 14. Qd2 Qe7 15. Rfe1 Qd7 16. Rxe8+ Rxe8 17. Qb4 c6 18. dxc6 bxc6 19. Bxd6 Nd5 20. Bxd5 cxd5 21. Bg3 Re2 22. Rc1 Qe6 23. a4 a5 24. Qb3 Re1+ 25. Rxe1 Qxe1+ 26. Kh2 Qb4 27. Qxd5 Qxb2 28. Qb7 f6 29. Bb8 Kh7 30. Ba7 Qxc2 31. Qxb6 Qxd3 32. Qxd4 Qxd4 33. Bxd4 Kg6 34. Kg3 Kf5 35. Bb6 Ke6 36. Kf4 Kd6 37. Bxa5 g6 38. Bd8 Ke6 39. a5 Kd7 40. Bxf6 Kc6 41. Bg7 h5 42. Kg5 Kb5 43. Kxg6 h4 44. f4 Kxa5 1-0